书目信息 |
| 题名: |
生态环境大数据应用实践
|
|
| 作者: | 王晓东, , 张巍, , 王永生, 编著 | |
| 分册: | ||
| 出版信息: | 长春 吉林大学出版社 2023.03 |
|
| 页数: | 242页 | |
| 开本: | 24cm | |
| 丛书名: | ||
| 单 册: | ||
| 中图分类: | X171.1-39 | |
| 科图分类: | ||
| 主题词: | 数据处理--shu ju chu li--应用--生态环境 | |
| 电子资源: | ||
| ISBN: | 978-7-5768-0212-2 | |
| 000 | 01407nam0 2200289 450 | |
| 001 | 89589 | |
| 005 | 20250814170428.81 | |
| 010 | @a978-7-5768-0212-2@dCNY58.00 | |
| 100 | @a20230406d2023 em y0chiy50 ea | |
| 101 | 0 | @achi |
| 102 | @aCN@b220000 | |
| 105 | @aa a 000yy | |
| 106 | @ar | |
| 200 | 1 | @a生态环境大数据应用实践@Asheng tai huan jing da shu ju ying yong shi jian@f王晓东, 张巍, 王永生编著 |
| 210 | @a长春@c吉林大学出版社@d2023.03 | |
| 215 | @a242页@c图@d24cm | |
| 304 | @a书内题: 王晓东等主编 | |
| 314 | @a王晓东, 硕士研究生, 正高级工程师。张巍, 硕士研究生, 副高级工程师, 国家注册环境影响评价工程师、注册环保工程师。王永生, 工学博士, 副教授, 高级工程师, 硕士生研究生导师, 内蒙古自治区大数据学会副秘书长。 | |
| 320 | @a有书目 (第241-242页) | |
| 330 | @a本书将理论与实践结合, 阐述了大数据、生态环境大数据的概念、特征、发展历程、面临形势等, 分析了大数据采集、预处理、存储、分析、可视化、安全等技术手段, 研究提出了生态环境信息资源整合共享的方法、生态环境大数据管理支撑平台的架构设计, 结合课题实施, 分析了生态环境监测大数据应用情况, 列举了部分我国生态环境大数据应用的优秀案例。 | |
| 606 | 0 | @a数据处理@Ashu ju chu li@x应用@x生态环境 |
| 690 | @aX171.1-39@v5 | |
| 701 | 0 | @a王晓东,@Awang xiao dong@f1981-@4编著 |
| 701 | 0 | @a张巍,@Azhang wei@f1984-@4编著 |
| 701 | 0 | @a王永生,@Awang yong sheng@f1976-@4编著 |
| 801 | 0 | @aCN@c20250909 |
| 905 | @a河南城建学院图书馆@dX171.1-39@eW380@f1 | |
| 生态环境大数据应用实践/王晓东, 张巍, 王永生编著.-长春:吉林大学出版社,2023.03 |
| 242页:图;24cm |
| ISBN 978-7-5768-0212-2:CNY58.00 |
| 本书将理论与实践结合, 阐述了大数据、生态环境大数据的概念、特征、发展历程、面临形势等, 分析了大数据采集、预处理、存储、分析、可视化、安全等技术手段, 研究提出了生态环境信息资源整合共享的方法、生态环境大数据管理支撑平台的架构设计, 结合课题实施, 分析了生态环境监测大数据应用情况, 列举了部分我国生态环境大数据应用的优秀案例。 |
| ● |
| 相关链接 |
|
|
|
正题名:生态环境大数据应用实践
索取号:X171.1-39/W380
 
预约/预借
| 序号 | 登录号 | 条形码 | 馆藏地/架位号 | 状态 | 备注 |
| 1 | 1623551 | 216235517 | 自科库501/501自科库 63排3列5层/ [索取号:X171.1-39/W380] | 在馆 |